[Event "III Open del Salento A"]
[Site "Gallipoli ITA"]
[Date "2014.05.23"]
[Round "8"]
[White "Longson, Alexander"]
[Black "Nelson, Jonathan P."]
[WhiteElo "2338"]
[BlackElo "2228"]
[Result "1/2-1/2"]
[PlyCount "60"]
[EventDate "2014.05.17"]

1. e4 e5 2. Nf3 Nc6 3. Bb5 a6 4. Ba4 d6 5. O-O Bd7 6. c4 g6 7. Nc3 Bg7 8. d3
Nge7 9. Nd5 O-O 10. Bg5 f6 11. Be3 Be6 12. Rc1 Kh8 13. Qd2 g5 14. Kh1 Ng6 15.
Ng1 Nd4 16. Bd1 c6 17. Nc3 b5 18. b3 h6 19. Nge2 Nxe2 20. Nxe2 d5 21. Qc2 Nf4
22. Nxf4 gxf4 23. Bc5 Rg8 24. Bf3 f5 25. Qe2 fxe4 26. dxe4 d4 27. Bg4 Bf7 28.
Rfd1 bxc4 29. bxc4 Qa5 30. Be7 Qc7 1/2-1/2

[Event "III Open del Salento A"]
[Site "Gallipoli ITA"]
[Date "2014.05.23"]
[Round "8"]
[White "Lyell, Mark"]
[Black "O'Driscoll, Kieran"]
[WhiteElo "2228"]
[BlackElo "2119"]
[Result "1/2-1/2"]
[PlyCount "109"]
[EventDate "2014.05.17"]

1. e4 d5 2. exd5 Nf6 3. d4 Bg4 4. Nf3 Qxd5 5. Be2 Nc6 6. c4 Qd7 7. Be3 e6 8.
O-O Be7 9. Nbd2 Rd8 10. h3 Bh5 11. a3 a5 12. Qe1 Qc8 13. Nb3 Qa8 14. g4 Bg6 15.
Ne5 Nxe5 16. dxe5 Nd7 17. Qxa5 Qxa5 18. Nxa5 Nxe5 19. f4 Bd3 20. Rae1 b6 21.
fxe5 bxa5 22. Rf3 Bh4 23. Bf2 Bxf2+ 24. Kxf2 Bxe2 25. Kxe2 Ke7 26. Rd3 Rxd3 27.
Kxd3 Rd8+ 28. Kc3 c5 29. b4 axb4+ 30. axb4 cxb4+ 31. Kxb4 f6 32. exf6+ gxf6 33.
Ra1 Rb8+ 34. Kc3 Rb7 35. c5 Kd7 36. Kc4 Rb2 37. Ra7+ Kc6 38. Ra6+ Kd7 39. Rd6+
Ke7 40. Rd3 Rb8 41. Ra3 Rb7 42. c6 Rb1 43. Rd3 Rc1+ 44. Kb5 e5 45. Kb6 e4 46.
Rd4 e3 47. Kb7 e2 48. Re4+ Kd6 49. Rxe2 Rb1+ 50. Kc8 Rc1 51. Kd8 Rxc6 52. Ke8
Rc7 53. Kf8 h5 54. gxh5 Rh7 55. Re3 1/2-1/2

[Event "III Open del Salento A"]
[Site "Gallipoli ITA"]
[Date "2014.05.23"]
[Round "8"]
[White "Paolillo, Gaia"]
[Black "Richardt, Mike"]
[WhiteElo "1914"]
[BlackElo "1974"]
[Result "1/2-1/2"]
[PlyCount "33"]
[EventDate "2014.05.17"]

1. e4 e6 2. d4 d5 3. Nd2 dxe4 4. Nxe4 Bd7 5. d5 e5 6. Bc4 Bd6 7. Nf3 h6 8. O-O
Nf6 9. Nfd2 O-O 10. f4 Nxe4 11. Nxe4 b5 12. Bb3 Qh4 13. Nxd6 cxd6 14. f5 Na6
15. c3 Nc5 16. Bc2 Ne4 17. g3 1/2-1/2

[Event "III Open del Salento A"]
[Site "Gallipoli ITA"]
[Date "2014.05.23"]
[Round "8"]
[White "Vovk, Andrey"]
[Black "Ledger, David J."]
[WhiteElo "2622"]
[BlackElo "2224"]
[Result "1-0"]
[PlyCount "79"]
[EventDate "2014.05.17"]

1. e4 e5 2. Nf3 Nc6 3. Bc4 Bc5 4. c3 Nf6 5. b4 Bb6 6. d3 d6 7. a4 a5 8. b5 Ne7
9. Nbd2 O-O 10. O-O Ng6 11. Re1 h6 12. Ba2 Nh5 13. Nc4 Qf6 14. Nxb6 cxb6 15. h3
Nhf4 16. Kh2 Be6 17. c4 Qe7 18. Be3 f5 19. Ng1 fxe4 20. dxe4 Nh4 21. g3 Nxh3
22. Nxh3 Nf3+ 23. Kg2 Kh8 24. Rh1 Bg4 25. Qd3 Rf6 26. Ng1 Raf8 27. Kf1 Qf7 28.
c5 Qg6 29. c6 bxc6 30. bxc6 Nxg1 31. Rxg1 Qh5 32. Ke1 Qh2 33. Rf1 Bh3 34. Kd2
Rf3 35. Kc3 Bxf1 36. Rxf1 Qg2 37. Bc4 d5 38. exd5 e4 39. Qxe4 Rxe3+ 40. fxe3
1-0

[Event "III Open del Salento A"]
[Site "Gallipoli ITA"]
[Date "2014.05.23"]
[Round "8"]
[White "Walton, Alan J."]
[Black "Sansonetti, Giorgio"]
[WhiteElo "2118"]
[BlackElo "2019"]
[Result "1/2-1/2"]
[PlyCount "113"]
[EventDate "2014.05.17"]

1. d4 d5 2. c4 c6 3. Nc3 Nf6 4. Nf3 g6 5. e3 Nbd7 6. cxd5 Nxd5 7. Bd3 Bg7 8.
O-O O-O 9. e4 Nxc3 10. bxc3 e5 11. Rb1 Re8 12. Be3 b6 13. Qb3 Nc5 14. dxc5 Qxd3
15. cxb6 axb6 16. Ng5 Re7 17. Rfd1 Qa6 18. Rd8+ Bf8 19. Rbd1 Bg4 20. Rxa8 Qxa8
21. f3 Bd7 22. Qxb6 Qxa2 23. Bc5 Qe2 24. Qb1 Re8 25. Bxf8 Rxf8 26. Qd3 Qxd3 27.
Rxd3 Bc8 28. Rd6 h6 29. Nh3 Bxh3 30. gxh3 Rc8 31. Kf2 Kf8 32. c4 c5 33. Rd5 f6
34. Rd7 Rc6 35. Kg3 Ke8 36. Rh7 h5 37. f4 Rd6 38. fxe5 fxe5 39. Rc7 Rd4 40.
Rxc5 Rxe4 41. Kf3 Rf4+ 42. Ke3 Kd7 43. Rxe5 Rxc4 44. Kf3 Rc3+ 45. Kg2 Rc6 46.
Kg3 Kd6 47. Re3 Rc4 48. Re8 Kd5 49. Rg8 Rc1 50. Kg2 Rc6 51. Re8 Re6 52. Rxe6
Kxe6 53. Kg3 Ke5 54. Kh4 Kf5 55. Kg3 Kg5 56. h4+ Kf5 57. Kf3 1/2-1/2

[Event "III Open del Salento A"]
[Site "Gallipoli ITA"]
[Date "2014.05.23"]
[Round "8"]
[White "Zhang, Fan"]
[Black "Pizzuto, Samuele Tullio"]
[WhiteElo "2102"]
[BlackElo "2062"]
[Result "0-1"]
[PlyCount "38"]
[EventDate "2014.05.17"]

1. d4 Nc6 2. Nf3 d5 3. c4 Bg4 4. Nc3 e6 5. Bf4 Bxf3 6. gxf3 Bb4 7. Rg1 Nge7 8.
a3 Bxc3+ 9. bxc3 Ng6 10. cxd5 exd5 11. Bg3 O-O 12. e3 f5 13. Bd3 f4 14. Bxg6
fxg3 15. Bd3 gxf2+ 16. Kxf2 Qh4+ 17. Kg2 Rae8 18. e4 dxe4 19. Bxe4 Rxe4 0-1

[Event "III Open del Salento A"]
[Site "Gallipoli ITA"]
[Date "2014.05.24"]
[Round "9"]
[White "Antoli Royo, Joaquin Miguel"]
[Black "Nelson, Jonathan P."]
[WhiteElo "2429"]
[BlackElo "2228"]
[Result "1-0"]
[PlyCount "53"]
[EventDate "2014.05.17"]

1. e4 g6 2. d4 Bg7 3. Nc3 c6 4. f4 d5 5. e5 Nh6 6. Nf3 O-O 7. Be3 Ng4 8. Bg1 f6
9. h3 Nh6 10. g4 fxe5 11. fxe5 c5 12. dxc5 Nc6 13. Bg2 e6 14. Qe2 Nf7 15. Bh2
b6 16. O-O-O bxc5 17. Qb5 Ncxe5 18. Nxe5 Nxe5 19. Qxc5 Bb7 20. Kb1 Nf3 21. Bxf3
Rxf3 22. Nb5 Qf6 23. Nd4 Rxh3 24. Rhf1 Qh4 25. Qc7 Rxh2 26. Nxe6 Bh6 27. Qxb7
1-0

[Event "III Open del Salento A"]
[Site "Gallipoli ITA"]
[Date "2014.05.24"]
[Round "9"]
[White "Ashton, Adam G."]
[Black "Blagojevic, Dragisa"]
[WhiteElo "2395"]
[BlackElo "2518"]
[Result "0-1"]
[PlyCount "115"]
[EventDate "2014.05.17"]

1. e4 e5 2. Nf3 Nc6 3. Bc4 Bc5 4. d3 Nf6 5. c3 O-O 6. O-O d5 7. exd5 Nxd5 8.
Re1 Bg4 9. h3 Bh5 10. Nbd2 Nb6 11. Bb5 Bd6 12. Ne4 f5 13. Ng3 Bxf3 14. Qxf3 Qd7
15. a4 a6 16. Bxc6 bxc6 17. a5 Nd5 18. Bd2 Rae8 19. Nf1 Re6 20. Rad1 Qe8 21. c4
Ne7 22. d4 e4 23. Qb3 c5 24. dxc5 Bxc5 25. Be3 Qc6 26. Bxc5 Qxc5 27. Qc3 Nc6
28. Rd5 Qe7 29. Red1 Ne5 30. b4 Nd3 31. R1xd3 exd3 32. b5 c6 33. bxc6 Rxc6 34.
Qxd3 f4 35. Nd2 Qe1+ 36. Nf1 f3 37. g4 Qe2 38. Ne3 Rh6 39. Rd8 Qxd3 40. Rxd3
Rxh3 41. c5 Rh6 42. Nf5 Re6 43. Rd7 h5 44. c6 Rxf5 45. gxf5 Rxc6 46. Ra7 Rf6
47. Kh2 Rxf5 48. Rxa6 Rg5 49. Ra8+ Kh7 50. a6 Rg2+ 51. Kh3 Rxf2 52. Kg3 Rf1 53.
a7 Ra1 54. Kxf3 Kg6 55. Kg3 Kg5 56. Kh3 Ra3+ 57. Kg2 Kg4 58. Kh2 0-1

[Event "III Open del Salento A"]
[Site "Gallipoli ITA"]
[Date "2014.05.24"]
[Round "9"]
[White "Bernabei, Alberto"]
[Black "Livesey, R. Nigel"]
[WhiteElo "1932"]
[BlackElo "1898"]
[Result "0-1"]
[PlyCount "22"]
[EventDate "2014.05.17"]

1. e4 e6 2. d3 d5 3. Nd2 Bc5 4. Ngf3 Nf6 5. e5 Nfd7 6. c3 f6 7. d4 Bb6 8. exf6
Qxf6 9. Bd3 e5 10. dxe5 Nxe5 11. Nxe5 Qxf2# 0-1

[Event "III Open del Salento A"]
[Site "Gallipoli ITA"]
[Date "2014.05.24"]
[Round "9"]
[White "D'Amore, Carlo"]
[Black "Vovk, Andrey"]
[WhiteElo "2493"]
[BlackElo "2622"]
[Result "1/2-1/2"]
[PlyCount "21"]
[EventDate "2014.05.17"]

1. Nf3 Nf6 2. g3 g6 3. b3 Bg7 4. Bb2 d6 5. d4 c5 6. Bg2 cxd4 7. Nxd4 d5 8. O-O
O-O 9. c4 dxc4 10. Na3 cxb3 11. Qxb3 1/2-1/2

[Event "III Open del Salento A"]
[Site "Gallipoli ITA"]
[Date "2014.05.24"]
[Round "9"]
[White "Delfino, Luigi"]
[Black "Lyell, Mark"]
[WhiteElo "2212"]
[BlackElo "2228"]
[Result "1-0"]
[PlyCount "79"]
[EventDate "2014.05.17"]

1. e4 e5 2. Nf3 Nc6 3. Bc4 Nf6 4. d3 Be7 5. O-O O-O 6. Re1 d6 7. a4 Kh8 8. a5
a6 9. c3 Ng8 10. d4 f5 11. dxe5 fxe4 12. Rxe4 Rxf3 13. gxf3 Nxe5 14. Bf1 Nf6
15. Rxe5 dxe5 16. Qxd8+ Bxd8 17. Nd2 Nh5 18. Ne4 Bd7 19. Bc4 Bc6 20. Be3 Be7
21. Rd1 Nf4 22. Kf1 g5 23. Ke1 Ng2+ 24. Ke2 Nxe3 25. fxe3 g4 26. Bd5 Bb5+ 27.
c4 gxf3+ 28. Kxf3 Be8 29. Ng3 Rd8 30. Rg1 c6 31. Be6 Bb4 32. h4 Bxa5 33. Ke4
Bc7 34. h5 b5 35. c5 h6 36. Nf5 Bd7 37. Bxd7 Rxd7 38. Nxh6 Rd5 39. Nf7+ Kh7 40.
h6 1-0

[Event "III Open del Salento A"]
[Site "Gallipoli ITA"]
[Date "2014.05.24"]
[Round "9"]
[White "Hegarty, Sarah N."]
[Black "Inguscio, Giorgio"]
[WhiteElo "2100"]
[BlackElo "1957"]
[Result "1-0"]
[PlyCount "59"]
[EventDate "2014.05.17"]

1. e4 b6 2. d4 Bb7 3. Bd3 Nf6 4. Qe2 Nc6 5. c3 e5 6. d5 Ne7 7. c4 Ng6 8. f4
Bb4+ 9. Nc3 O-O 10. f5 Nf4 11. Bxf4 exf4 12. Nh3 Re8 13. O-O c6 14. Qf3 Qe7 15.
Rae1 cxd5 16. cxd5 Rac8 17. Qxf4 Bxc3 18. bxc3 Rxc3 19. Nf2 Qc5 20. Rc1 Rc8 21.
Rxc3 Qxc3 22. g4 Qd4 23. g5 Nh5 24. Qf3 g6 25. Kh1 Ng7 26. fxg6 hxg6 27. Ng4
Nf5 28. Nf6+ Kf8 29. exf5 Rc3 30. Qe4 1-0

[Event "III Open del Salento A"]
[Site "Gallipoli ITA"]
[Date "2014.05.24"]
[Round "9"]
[White "Hiller, Wieland"]
[Black "Nepi, Ezio"]
[WhiteElo "1951"]
[BlackElo "1966"]
[Result "1-0"]
[PlyCount "83"]
[EventDate "2014.05.17"]

1. Nf3 Nf6 2. g3 d5 3. c4 c6 4. b3 Bf5 5. Bg2 e6 6. O-O h6 7. d3 Be7 8. Bb2 O-O
9. Nbd2 Nbd7 10. Rc1 a5 11. a3 Bh7 12. Rc2 Qb8 13. Qa1 b5 14. cxb5 cxb5 15.
Rfc1 Rd8 16. Nd4 Qd6 17. Nc6 Re8 18. Nf3 Bf8 19. Nce5 Rad8 20. Rc6 Qb8 21. R6c2
Rc8 22. Nc6 Qa8 23. Nfe5 Nxe5 24. Nxe5 Rxc2 25. Rxc2 Rc8 26. Qc1 Rxc2 27. Qxc2
Qa7 28. Qc8 Bf5 29. h3 a4 30. b4 Qe7 31. Nc6 Qe8 32. Qxe8 Nxe8 33. Na7 Nd6 34.
Be5 Nc8 35. Nxb5 f6 36. Bb2 Nb6 37. Bd4 Nd7 38. Nc3 e5 39. Bxd5+ Kh8 40. Be3 e4
41. g4 Bg6 42. dxe4 1-0

[Event "III Open del Salento A"]
[Site "Gallipoli ITA"]
[Date "2014.05.24"]
[Round "9"]
[White "Ledger, Andrew J."]
[Black "Longson, Alexander"]
[WhiteElo "2392"]
[BlackElo "2338"]
[Result "1-0"]
[PlyCount "101"]
[EventDate "2014.05.17"]

1. Nf3 d5 2. g3 Nf6 3. Bg2 e6 4. O-O c5 5. c4 Nc6 6. cxd5 Nxd5 7. d4 Be7 8. Nc3
cxd4 9. Nxd5 exd5 10. Nxd4 O-O 11. Nxc6 bxc6 12. Qc2 Be6 13. Qxc6 Qa5 14. Qc2
Bf6 15. Rd1 Rab8 16. Bd2 Qb6 17. Rab1 d4 18. b3 Qa6 19. Be4 g6 20. Bf4 Rbc8 21.
Qd2 Rfe8 22. Bd3 Qb7 23. Qa5 Rc3 24. Qb5 Qa8 25. Rbc1 Rec8 26. Bd2 Rb8 27. Be4
Rxc1 28. Rxc1 Rxb5 29. Bxa8 Rb6 30. Be4 Ra6 31. Rc2 h5 32. h4 Be5 33. Bd3 Rb6
34. Rc5 Bd6 35. Ra5 Rb7 36. Ra6 Bc5 37. Bxg6 Bxb3 38. axb3 fxg6 39. Rxg6+ Kf7
40. Rc6 Be7 41. b4 d3 42. exd3 Rd7 43. Kf1 Rxd3 44. Ke2 Rd7 45. Rh6 Rd5 46. Ra6
Rd7 47. Bc3 Rb7 48. Rh6 Rb5 49. Kd3 Bxb4 50. Kc4 Bf8 51. Rf6+ 1-0

[Event "III Open del Salento A"]
[Site "Gallipoli ITA"]
[Date "2014.05.24"]
[Round "9"]
[White "Ledger, David J."]
[Black "Levin, Felix"]
[WhiteElo "2224"]
[BlackElo "2489"]
[Result "1/2-1/2"]
[PlyCount "76"]
[EventDate "2014.05.17"]

1. e4 e5 2. Nf3 Nc6 3. Bc4 Bc5 4. c3 Nf6 5. d3 O-O 6. O-O d5 7. exd5 Nxd5 8.
Re1 Bg4 9. h3 Bh5 10. Nbd2 Nb6 11. Bb5 Bd6 12. a4 a6 13. Bxc6 bxc6 14. a5 Nd5
15. Qa4 Nf4 16. Qxc6 Nxd3 17. Re3 Nf4 18. Nc4 f6 19. Re1 Be8 20. Qe4 Bg6 21.
Qc6 Be8 22. Qe4 Ng6 23. Nxd6 cxd6 24. Rd1 Bf7 25. c4 Ne7 26. Ra3 d5 27. cxd5
Bxd5 28. Qe2 Qc7 29. Be3 Rfc8 30. Rc1 Qb7 31. Rxc8+ Rxc8 32. Bb6 Rc1+ 33. Kh2
Qb8 34. Rc3 Rxc3 35. bxc3 Qc8 36. Qe3 Qc6 37. Ne1 Nf5 38. Qd3 e4 1/2-1/2

[Event "III Open del Salento A"]
[Site "Gallipoli ITA"]
[Date "2014.05.24"]
[Round "9"]
[White "Naumkin, Igor"]
[Black "Di Fonzo, Valerio"]
[WhiteElo "2430"]
[BlackElo "2156"]
[Result "1/2-1/2"]
[PlyCount "169"]
[EventDate "2014.05.17"]

1. d4 Nf6 2. c4 g6 3. Nf3 Bg7 4. Nc3 d5 5. cxd5 Nxd5 6. Bd2 Nb6 7. e3 O-O 8.
Be2 Nc6 9. O-O e5 10. Nxe5 Nxe5 11. dxe5 Bxe5 12. f4 Bg7 13. e4 Nc4 14. Bxc4
Qd4+ 15. Kh1 Qxc4 16. f5 gxf5 17. exf5 Be5 18. Qh5 f6 19. Rad1 Bd7 20. Bf4 Bxf4
21. Qg4+ Kh8 22. Rxf4 Qf7 23. Rfd4 Bc6 24. Qh4 Rg8 25. Nd5 Rg5 26. Nf4 Rxf5 27.
Rd8+ Rxd8 28. Rxd8+ Kg7 29. h3 Rg5 30. Qe1 Kh6 31. b3 Rg8 32. Qh4+ Kg7 33. Nh5+
Kh8 34. Rxg8+ Kxg8 35. Nxf6+ Kg7 36. Nh5+ Kf8 37. Nf4 Ke8 38. Kh2 Qf5 39. Qg3
Be4 40. Ne2 Qg6 41. Qe5+ Kd7 42. Ng3 Bc6 43. Qd4+ Qd6 44. Qg7+ Qe7 45. Qh8 Qf7
46. Qd4+ Qd5 47. Qg7+ Kd6 48. Qh6+ Kc5 49. Qf8+ Kb6 50. Qf2+ Qc5 51. Qd2 Qd5
52. Qb2 a5 53. Nf1 Qd6+ 54. Kg1 Qf4 55. Qc3 Qb4 56. Qg3 Qd4+ 57. Kh1 Qb2 58. a4
Bd5 59. Qe3+ c5 60. Nd2 Qd4 61. Qe2 Ka7 62. Kh2 Qf4+ 63. Kg1 Qb4 64. Qd3 Qd4+
65. Qxd4 cxd4 66. g4 Kb6 67. Kf2 Kc5 68. Ke2 Kb4 69. Kd3 Bxb3 70. Nxb3 Kxb3 71.
h4 Kxa4 72. g5 Kb4 73. h5 a4 74. g6 hxg6 75. hxg6 a3 76. g7 a2 77. g8=Q a1=Q
78. Qc4+ Ka5 79. Qc5+ Ka6 80. Qc4+ Ka7 81. Qc5+ Ka8 82. Qc8+ Ka7 83. Qc5+ Ka8
84. Qc8+ Ka7 85. Qc5+ 1/2-1/2

[Event "III Open del Salento A"]
[Site "Gallipoli ITA"]
[Date "2014.05.24"]
[Round "9"]
[White "O'Driscoll, Kieran"]
[Black "Pizzuto, Samuele Tullio"]
[WhiteElo "2119"]
[BlackElo "2062"]
[Result "1/2-1/2"]
[PlyCount "43"]
[EventDate "2014.05.17"]

1. d4 Nc6 2. Nf3 d5 3. c4 Bg4 4. Nc3 e6 5. Bg5 Be7 6. Bxe7 Ngxe7 7. e3 O-O 8.
Bd3 f5 9. h3 Bh5 10. g4 Bg6 11. Nh4 Nb4 12. Nxg6 hxg6 13. Be2 dxc4 14. Bxc4
Nbd5 15. Qc2 c6 16. O-O-O b5 17. Bb3 a5 18. a4 Qd6 19. Kb1 Rab8 20. Rd2 Nxc3+
21. Qxc3 bxa4 22. Qc5 1/2-1/2

[Event "III Open del Salento A"]
[Site "Gallipoli ITA"]
[Date "2014.05.24"]
[Round "9"]
[White "Paolillo, Gaia"]
[Black "Zhang, Fan"]
[WhiteElo "1914"]
[BlackElo "2102"]
[Result "1/2-1/2"]
[PlyCount "76"]
[EventDate "2014.05.17"]

1. Nf3 d5 2. d4 Nf6 3. g3 Bf5 4. Bg2 e6 5. O-O c6 6. h3 Bd6 7. Nbd2 h6 8. Re1
Nbd7 9. c4 O-O 10. b3 a5 11. Bb2 Ne4 12. Nxe4 Bxe4 13. Nd2 Bxg2 14. Kxg2 f5 15.
f4 Bb4 16. Rg1 Bxd2 17. Qxd2 Nf6 18. a4 b6 19. Rac1 Ne4 20. Qd3 Qd7 21. Kh2 Kh8
22. e3 Rg8 23. Qe2 Kh7 24. g4 g6 25. Ba3 Rab8 26. Rc2 Rbc8 27. Qe1 Qd8 28. b4
Nd6 29. c5 Nc4 30. Qc3 Ra8 31. b5 Qc7 32. g5 h5 33. h4 Rgb8 34. Rb1 Rb7 35.
Rcc1 Rab8 36. cxb6 Rxb6 37. Bc5 R6b7 38. b6 Qd8 1/2-1/2

[Event "III Open del Salento A"]
[Site "Gallipoli ITA"]
[Date "2014.05.24"]
[Round "9"]
[White "Richardt, Mike"]
[Black "Bongartz, Philipp"]
[WhiteElo "1974"]
[BlackElo "2173"]
[Result "0-1"]
[PlyCount "57"]
[EventDate "2014.05.17"]

1. d4 d5 2. Nf3 c6 3. e3 e6 4. c4 Nd7 5. Bd3 Bd6 6. O-O f5 7. Qc2 Nh6 8. Nbd2
O-O 9. b3 Rf6 10. e4 fxe4 11. Bxe4 dxe4 12. Nxe4 Nf7 13. Nxf6+ Qxf6 14. Qe4 Qf5
15. Qxf5 exf5 16. Bb2 Nf8 17. Rfe1 Bd7 18. Rad1 Rd8 19. Bc3 Re8 20. Rxe8 Bxe8
21. Ne5 Nxe5 22. dxe5 Be7 23. Bd4 c5 24. Be3 g5 25. f4 gxf4 26. Bxf4 Kf7 27.
Kf2 Ke6 28. g3 Ng6 29. Re1 0-1

[Event "III Open del Salento A"]
[Site "Gallipoli ITA"]
[Date "2014.05.24"]
[Round "9"]
[White "Rudolf, Anna"]
[Black "Ledger, Stephen C."]
[WhiteElo "2292"]
[BlackElo "2077"]
[Result "1-0"]
[PlyCount "83"]
[EventDate "2014.05.17"]

1. e4 c5 2. Nf3 Nc6 3. Bb5 e6 4. O-O Nge7 5. b3 a6 6. Bxc6 Nxc6 7. Bb2 d5 8.
exd5 Qxd5 9. Nc3 Qh5 10. Na4 Bd7 11. Re1 O-O-O 12. Nb6+ Kc7 13. Nxd7 Rxd7 14.
Ne5 Qxd1 15. Raxd1 Nxe5 16. Bxe5+ Kc6 17. d4 cxd4 18. Rxd4 Rxd4 19. Bxd4 Rg8
20. Rd1 Bd6 21. c4 Rd8 22. Be5 f6 23. Bg3 Rd7 24. Kf1 Bxg3 25. Rxd7 Kxd7 26.
hxg3 Kd6 27. Ke2 e5 28. g4 g6 29. Kd3 f5 30. g5 Kc5 31. Kc3 a5 32. a3 b6 33. g3
b5 34. b4+ axb4+ 35. axb4+ Kc6 36. cxb5+ Kxb5 37. Kb3 e4 38. Kc3 Kc6 39. Kc4
Kd6 40. b5 Ke5 41. b6 f4 42. b7 1-0

[Event "III Open del Salento A"]
[Site "Gallipoli ITA"]
[Date "2014.05.24"]
[Round "9"]
[White "Sansonetti, Giorgio"]
[Black "Callier, Christophe"]
[WhiteElo "2019"]
[BlackElo "2077"]
[Result "0-1"]
[PlyCount "52"]
[EventDate "2014.05.17"]

1. e4 e5 2. Bc4 Nf6 3. d3 Nc6 4. Nf3 Bc5 5. O-O d6 6. c3 a6 7. b4 Ba7 8. Bb3
O-O 9. Bg5 h6 10. Bxf6 Qxf6 11. Nbd2 Ne7 12. d4 exd4 13. cxd4 Bxd4 14. Nxd4
Qxd4 15. Nf3 Qf6 16. Re1 Ng6 17. Kf1 Be6 18. Qc2 Rad8 19. Rac1 Ne5 20. Nd4 c5
21. Nxe6 fxe6 22. f3 Nxf3 23. bxc5 dxc5 24. Qe2 Qf4 25. Rcd1 Rxd1 26. Qxd1 Ng5+
0-1

[Event "III Open del Salento A"]
[Site "Gallipoli ITA"]
[Date "2014.05.24"]
[Round "9"]
[White "Walton, Alan J."]
[Black "Fasiello, Andrea"]
[WhiteElo "2118"]
[BlackElo "1968"]
[Result "1-0"]
[PlyCount "102"]
[EventDate "2014.05.17"]

1. d4 d5 2. c4 e6 3. Nc3 Nf6 4. cxd5 exd5 5. Bg5 Be7 6. Qc2 c6 7. e3 Nbd7 8.
Bd3 Nh5 9. Bxe7 Qxe7 10. O-O-O Nb6 11. h3 g6 12. Nf3 Be6 13. Kb1 O-O-O 14. Na4
Nxa4 15. Qxa4 Kb8 16. Rc1 Ng7 17. Rc3 Bf5 18. Rhc1 Bxd3+ 19. Rxd3 Rd6 20. Ra3
a6 21. Ne5 Rc8 22. Qb4 Re6 23. Qb6 c5 24. Qa5 cxd4 25. Rxc8+ Kxc8 26. exd4 f6
27. Rc3+ Kb8 28. Nd3 Rd6 29. a3 Ne6 30. Qb4 Rd7 31. Nc5 Nxc5 32. Qxc5 Qd8 33.
Ka2 Rc7 34. Qa5 Rd7 35. Qb4 Re7 36. Rc5 Rc7 37. Qb3 Ka7 38. Qc3 Kb8 39. Qc1 g5
40. Qc2 Ka7 41. Qf5 Kb8 42. Rc3 h5 43. h4 gxh4 44. Qxh5 Rg7 45. Re3 Ka7 46.
Qxh4 Rxg2 47. Rc3 Rg5 48. Qf4 Qb6 49. Rc8 Qb5 50. Qb8+ Kb6 51. Rc7 Ka5 1-0

[Event "XIX Memorial Bertolini"]
[Site "Genova ITA"]
[Date "2014.06.21"]
[Round "3"]
[White "Aleksic, Nenad"]
[Black "Atteo, Domenico"]
[WhiteElo "2347"]
[BlackElo "1811"]
[Result "1-0"]
[PlyCount "40"]
[EventDate "2014.06.20"]

1. e4 e6 2. Nf3 d5 3. Nc3 Nf6 4. e5 Nfd7 5. d4 c5 6. dxc5 Bxc5 7. Bd3 Nc6 8.
Bf4 Bb4 9. O-O Bxc3 10. bxc3 Qc7 11. Bg3 a6 12. Re1 Nc5 13. Qd2 h6 14. Nd4 Nxd3
15. cxd3 Bd7 16. Nf5 O-O-O 17. Nd6+ Kb8 18. Nxf7 Rhf8 19. Nxd8 Qxd8 20. Rab1
Ne7 1-0

[Event "XIX Memorial Bertolini"]
[Site "Genova ITA"]
[Date "2014.06.21"]
[Round "3"]
[White "Laketic, Gojko"]
[Black "Di Chiara, Mauro"]
[WhiteElo "2428"]
[BlackElo "1986"]
[Result "1/2-1/2"]
[PlyCount "76"]
[EventDate "2014.06.20"]

1. d4 g6 2. c4 Bg7 3. Nf3 d6 4. Nc3 Nf6 5. e4 O-O 6. Be2 e5 7. d5 a5 8. Bg5 h6
9. Bh4 Na6 10. Nd2 Bd7 11. b3 Qe8 12. a3 Nh7 13. Rb1 h5 14. f3 Bh6 15. Bf2 f5
16. b4 axb4 17. axb4 Qe7 18. h4 Nf6 19. Bd3 Bxd2+ 20. Qxd2 fxe4 21. Nxe4 Nxe4
22. fxe4 Qf6 23. O-O Qe7 24. Qh6 Qg7 25. Qxg7+ Kxg7 26. c5 dxc5 27. bxc5 Rxf2
28. Rxf2 Nxc5 29. Bb5 Bxb5 30. Rxb5 b6 31. Rb1 Nxe4 32. Rc2 Nc5 33. d6 cxd6 34.
Rxb6 Rd8 35. Rd2 Ne4 36. Rdb2 Nc5 37. Rd2 Ne4 38. Rdb2 Nc5 1/2-1/2

[Event "XIX Memorial Bertolini"]
[Site "Genova ITA"]
[Date "2014.06.21"]
[Round "3"]
[White "Mortola, Alberto"]
[Black "Cocina, Giovanni"]
[WhiteElo "1942"]
[BlackElo "1725"]
[Result "1/2-1/2"]
[PlyCount "60"]
[EventDate "2014.06.20"]

1. c4 e5 2. Nc3 Bc5 3. g3 Nf6 4. Bg2 c6 5. e3 d5 6. cxd5 cxd5 7. d4 exd4 8.
exd4 Bb4 9. Bg5 Be6 10. Nge2 Nc6 11. O-O O-O 12. Bxf6 Qxf6 13. Nxd5 Bxd5 14.
Bxd5 Rad8 15. Bxc6 bxc6 16. Qa4 Rfe8 17. Qxb4 Rxe2 18. Rae1 Rxe1 19. Rxe1 h6
20. Re5 Qg6 21. Qe7 Rxd4 22. Qxa7 Rd2 23. Re8+ Kh7 24. a4 Rxb2 25. a5 Ra2 26.
Qc5 Qb1+ 27. Kg2 Ra1 28. Re1 Qxe1 29. Qf5+ Kg8 30. Qc8+ Kh7 1/2-1/2

[Event "XIX Memorial Bertolini"]
[Site "Genova ITA"]
[Date "2014.06.21"]
[Round "3"]
[White "Pedemonte, Claudio"]
[Black "Milleri, Leonardo"]
[WhiteElo "1840"]
[BlackElo "1889"]
[Result "1/2-1/2"]
[PlyCount "91"]
[EventDate "2014.06.20"]

1. c4 Nf6 2. Nc3 g6 3. g3 Bg7 4. Bg2 O-O 5. e4 d6 6. Nge2 e5 7. O-O a5 8. d3 c6
9. h3 Na6 10. Be3 Rb8 11. a4 Bd7 12. Qd2 Nc5 13. Ra3 h5 14. Bg5 Qe8 15. Bh6
Bxh6 16. Qxh6 Nxd3 17. Nd5 cxd5 18. Rxd3 d4 19. b3 Qe7 20. Kh2 Rfe8 21. Ng1 Qf8
22. Qd2 b6 23. Qc2 Bc6 24. f3 Nd7 25. h4 Nc5 26. Rdd1 Qh6 27. Rfe1 f6 28. Nh3
Kh8 29. Nf2 Bd7 30. Bh3 Bxh3 31. Nxh3 g5 32. Kg2 gxh4 33. gxh4 Rg8+ 34. Kh2 Rg6
35. Rg1 Rbg8 36. Rxg6 Rxg6 37. Rg1 Rxg1 38. Nxg1 Qe3 39. Qg2 Kh7 40. Qh3 d3 41.
Qf5+ Kg7 42. Qxh5 Qf4+ 43. Kg2 d2 44. Qe8 d1=Q 45. Qe7+ Kh6 46. Qf8+ 1/2-1/2

[Event "XIX Memorial Bertolini"]
[Site "Genova ITA"]
[Date "2014.06.21"]
[Round "3"]
[White "Raineri, Valerio"]
[Black "Sanchez, Joseph"]
[WhiteElo "2108"]
[BlackElo "2514"]
[Result "0-1"]
[PlyCount "62"]
[EventDate "2014.06.20"]

1. e4 d5 2. exd5 Qxd5 3. Nc3 Qd6 4. Bc4 Nf6 5. d3 a6 6. f4 b5 7. Bb3 Bb7 8. Nf3
e6 9. Qe2 Be7 10. O-O O-O 11. Nd1 c5 12. Nf2 Nbd7 13. c3 Qc6 14. Bd2 Bd6 15. d4
Nb6 16. Rae1 a5 17. Nd3 a4 18. Bc2 cxd4 19. Nxd4 Qd5 20. Rf3 Nc4 21. Bc1 Bc7
22. Ne5 a3 23. b3 Nb2 24. Nxb5 Bb6+ 25. Kh1 Ba6 26. c4 Bxb5 27. cxb5 Rfd8 28.
Nc6 Rd7 29. Bxb2 axb2 30. Rd1 Qxd1+ 31. Bxd1 b1=Q 0-1

[Event "XIX Memorial Bertolini"]
[Site "Genova ITA"]
[Date "2014.06.21"]
[Round "3"]
[White "Sonis, Francesco"]
[Black "Mrdja, Milan"]
[WhiteElo "2023"]
[BlackElo "2385"]
[Result "0-1"]
[PlyCount "82"]
[EventDate "2014.06.20"]

1. e4 g6 2. d4 Bg7 3. c4 c5 4. Nf3 d6 5. Nc3 cxd4 6. Nxd4 Nc6 7. Be3 Nf6 8. Be2
O-O 9. O-O Nxd4 10. Bxd4 Be6 11. f3 a6 12. Qd2 Qa5 13. Rac1 Rfc8 14. b3 b5 15.
cxb5 axb5 16. Be3 Ng4 17. Bd4 Nf6 18. Be3 Nd7 19. Bd4 Bxd4+ 20. Qxd4 b4 21. Na4
Nc5 22. Nxc5 dxc5 23. Qe3 Qxa2 24. Bc4 Bxc4 25. Rxc4 Qb2 26. Rxc5 Rd8 27. Rd5
e6 28. Rd3 Rxd3 29. Qxd3 Ra2 30. Qd8+ Kg7 31. Qg5 Qd4+ 32. Kh1 Ra1 33. Qb5 Qc3
34. h3 Rxf1+ 35. Qxf1 Qxb3 36. Qb5 Qc3 37. Qg5 e5 38. Qd8 b3 39. Qb8 h5 40. f4
Qc1+ 41. Kh2 Qxf4+ 0-1